000 00681nam a22002417a 4500
001 95517
003 UA-OsUOA
005 20201215214858.0
007 ta
008 20130304b un ||||| |||| 00| 0 ukr d
040 _aUA-OsUOA
_bukr
_cUA-OsUOA
_dUA-OsUOA
041 _aukr
080 _a821.163.2
090 _a821.163.2
_bК21
100 _aКараславов Г.
245 _aПрості люди
_bроман
260 _aК.
_bДніпро
_c1971
300 _a446 с.
650 7 _a82 Література. Літературознавство
_2UDC
942 _cBK
_2udc
955 _a3
999 _c381769
_d381769